Photoshop : εξειδικευμένες τεχνικές step-by-step με εκτεταμένη εισαγωγή στην ψηφιακή εικόνα
Αποθηκεύτηκε σε:
| Κύριος συγγραφέας: | |
|---|---|
| Μορφή: | Βιβλίο |
| Γλώσσα: | Greek |
| Δημοσίευση: |
Αθήνα :
Nexus Publications,
c2002
|
| Έκδοση: | 2η έκδ. |
| Θέματα: | |
| Ετικέτες: |
Προσθήκη ετικέτας
Δεν υπάρχουν, Καταχωρήστε ετικέτα πρώτοι!
|
MARC
| LEADER | 00000nam a2200000 i 4500 | ||
|---|---|---|---|
| 001 | 1/52803 | ||
| 008 | 040329s2002 gre d | ||
| 020 | |a 960-8152-01-1 | ||
| 035 | |l 10072989 | ||
| 040 | |a GR-MY-UA |b gre |e aacr | ||
| 041 | 0 | |a gre | |
| 082 | 0 | |a 006.6869 | |
| 100 | 1 | |a Λαζαρόπουλος, Κώστας. | |
| 245 | 1 | 0 | |a Photoshop : |b εξειδικευμένες τεχνικές step-by-step με εκτεταμένη εισαγωγή στην ψηφιακή εικόνα / |c Κώστας Λαζαρόπουλος |
| 250 | |a 2η έκδ. | ||
| 260 | |a Αθήνα : |b Nexus Publications, |c c2002 | ||
| 300 | |a 216 σ.; |b εικ.; |c 24 εκ.+ |e 1 οπτική δισκέτα λέιζερ Η/Υ 4 3/4 ίν. | ||
| 500 | |a Καλύπτει τις εκδόσεις 5.0, 6.0, 7.0. | ||
| 500 | |a Για φωτογράφους, γραφίστες, web designers | ||
| 650 | 0 | 0 | |a Computer graphics. |
| 650 | 0 | 0 | |a Photography |x Digital techniques. |
| 852 | |a INST |b CHIOS |e 20040329 |h 006.6869 ΛΑΖ |p 005200022846 |q 005200022846 |t BK |y 0 | ||
| 852 | |a INST |b CHIOS |e 20041012 |h 006.6869 ΛΑΖ |p 005200022721 |q 005200022721 |t BK |y 0 | ||
| 901 | |a BIBL2-2004-3 | ||
| 909 | |a Χ |b 106135 | ||
| 909 | |a Χ |b 106142 | ||
| 922 | |a 2ΕΛΗ |b 100309 |c ΤΝΕΥ |d ΠΑΠΑΣΩΤΗΡΙΟΥ | ||
| 950 | |a 125-2003-09-04 | ||
| 970 | |a ΣΠΕΝΤΖΑ |b ΕΛΕΝΗ |z 2004/10/12 | ||